Welcome to CU Library Online Public Access Catalogue (OPAC)

Philosophy and Contemporary Issues/ (Record no. 3888)

MARC details
000 -LEADER
fixed length control field 00468nam a22001577a 4500
005 - DATE AND TIME OF LATEST TRANSACTION
control field 20250214192646.0
008 - FIXED-LENGTH DATA ELEMENTS--GENERAL INFORMATION
fixed length control field 250214b |||||||| |||| 00| 0 eng d
050 ## - LIBRARY OF CONGRESS CALL NUMBER
Classification number BD41
Item number .P47 PHI
245 ## - TITLE STATEMENT
Title Philosophy and Contemporary Issues/
Statement of responsibility, etc. Edited byJohn R. Burr & Milton Goldinger
260 ## - PUBLICATION, DISTRIBUTION, ETC.
Place of publication, distribution, etc. New York
Name of publisher, distributor, etc. Macmillan Company
Date of publication, distribution, etc. 1972
300 ## - PHYSICAL DESCRIPTION
Extent x. 470p.
Dimensions 17cm
650 ## - SUBJECT ADDED ENTRY--TOPICAL TERM
Source of heading or term Philosophy
700 ## - ADDED ENTRY--PERSONAL NAME
Personal name Burr John R.(ed.)
700 ## - ADDED ENTRY--PERSONAL NAME
Personal name Goldinger Milton(ed.)
942 ## - ADDED ENTRY ELEMENTS (KOHA)
Source of classification or shelving scheme Library of Congress Classification
Koha item type Books
Suppress in OPAC No
999 ## -
-- 3888
-- 3888
Holdings
Withdrawn status Lost status Source of classification or shelving scheme Damaged status Not for loan Collection Home library Current library Shelving location Date acquired Total checkouts Full call number Barcode Date last seen Copy number Price effective from Koha item type
    Library of Congress Classification     Non-fiction Business Library (Miotso) Business Library (Miotso) General stacks 02/14/2025   BD41 .P47 PHI BSSM00000826 02/14/2025 1 02/14/2025 Books
© 2023-2024 Copyright: Central University Libraries. All Rights Reserved | Created by: Mahone Tech Office